Enemy in me: (Record no. 159318)

MARC details
000 -LEADER
fixed length control field 00576nam a22001937a 4500
005 - DATE AND TIME OF LATEST TRANSACTION
control field 20181214113525.0
010 ## - LCCN (DPL NO)
LC control number ENG-124528
020 ## - INTERNATIONAL STANDARD BOOK NUMBER
International Standard Book Number 9789386300591
Terms of availability 250.00
035 ## - SYSTEM CONTROL NUMBER
System control number EN-108060
037 ## - SOURCE OF ACQUISITION
Source of stock number/acquisition DBAD/PUB
082 ## - DEWEY DECIMAL CLASSIFICATION NUMBER
Classification number 155.232
100 ## - MAIN ENTRY--PERSONAL NAME
Personal name Sharma, Punit
245 ## - TITLE STATEMENT
Title Enemy in me:
Statement of responsibility, etc by Punit Sharma
Remainder of title don't live in hesitation/
260 ## - PUBLICATION, DISTRIBUTION, ETC. (IMPRINT)
Place of publication, distribution, etc New Delhi
Name of publisher, distributor, etc Prabhat Prakashan
Date of publication, distribution, etc 2017
270 ## - ADDRESS
City New Delhi
Postal code 110002
Address 4/19, Asaf Ali Road,
300 ## - PHYSICAL DESCRIPTION
Extent 126p
Dimensions 21cm.(Hb)
500 ## - GENERAL NOTE
General note It is includes quotes by author
942 ## - ADDED ENTRY ELEMENTS (KOHA)
Source of classification or shelving scheme Dewey Decimal Classification
Item type English Books
Classification part 155.232
Call number suffix SHA
Holdings
Withdrawn status Lost status Not for loan Collection code Home library Current library Date acquired Source of acquisition Cost, normal purchase price Full call number Barcode Copy number Cost, replacement price Koha item type
    Not For Loan Non-fiction D.B.Act.Division Bawana 14/12/2018 DBAD/PUB 250.00 155.232 SHA EN-108060 1 250.00 English Books

© Delhi Public Library
Hit Counter
free hit counter